الليبرالية المتوحشة : ملاحظات حول التوجهات الجديدة للرأسمالية المعاصرة /

بعد أن انهارت تجربة الاشتراكية في الاتحاد السوفيتي ودول شرق أوروبا وانكسار حركة التحرر الوطني وفشل أنماط التنمية في العالم الثالث بدا الأمر كما أن الرأسمالية قد انتصرت نهائياً، ما حقيقة هذه اليبرالية الجديدة ؟ وما الأهداف الجوهرية التي تسعى اليها....

全面介绍

Saved in:
书目详细资料
主要作者: زكي، رمزي
格式: 图书
语言:阿拉伯语
出版: القاهرة : دار المستقبل العربى، 1993.
版:ط. 1.
主题:
在线阅读:http://dar.bibalex.org/webpages/mainpage.jsf?PID=DAF-Job:39183
标签: 添加标签
没有标签, 成为第一个标记此记录!

MARC

LEADER 00000nam a22000007a 4500
003 INP
005 20181118150914.0
008 121212s1993 ua kj frb 001 0 ara d
952 |0 0  |1 0  |4 0  |6 320_510000000000000_ر_ل  |7 0  |8 arabic_Boo  |9 2722  |a INP  |b INP  |c MAIN  |d 2018-03-25  |l 0  |o 320.51 ر ل  |p 002787  |r 2022-03-28 00:00:00  |w 2018-03-25  |y BK  |0 0 
952 |0 0  |1 0  |4 0  |6 320_510000000000000_ر_ل  |7 0  |8 arabic_Boo  |9 2723  |a INP  |b INP  |c MAIN  |d 2018-03-25  |l 0  |o 320.51 ر ل  |p 002788  |r 2022-03-28 00:00:00  |w 2018-03-25  |y BK  |0 0 
952 |0 0  |1 0  |4 0  |6 320_510000000000000_ر_ل  |7 0  |8 arabic_Boo  |9 7843  |a INP  |b INP  |c MAIN  |d 2018-05-07  |l 0  |o 320.51 ر ل  |p 010354  |r 2022-03-28 00:00:00  |w 2018-05-07  |y BK  |0 0 
999 |c 1535  |d 1535 
017 |a 93/4001  |b مصر. دار الكتب 
020 |a 9772390493 
040 |a EG-INP  |b ara  |c EG-INP 
082 0 4 |a 320.51  |b ر ل  |2 21 
100 1 |a زكي، رمزي. 
245 1 2 |a الليبرالية المتوحشة :   |b ملاحظات حول التوجهات الجديدة للرأسمالية المعاصرة /   |c رمزى زكى. 
250 |a ط. 1. 
260 |a القاهرة :   |b دار المستقبل العربى،   |c 1993. 
300 |a 327 ص. ؛   |c 24 سم. 
500 |a يشتمل على الهوامش والمراجع. 
500 |a يشتمل على قائمة بالجداول وقائمة بالأشكال. 
504 |a يشتمل على إرجاعات ببليوجرافية. 
520 |a بعد أن انهارت تجربة الاشتراكية في الاتحاد السوفيتي ودول شرق أوروبا وانكسار حركة التحرر الوطني وفشل أنماط التنمية في العالم الثالث بدا الأمر كما أن الرأسمالية قد انتصرت نهائياً، ما حقيقة هذه اليبرالية الجديدة ؟ وما الأهداف الجوهرية التي تسعى اليها. 
650 7 |a الليبرالية.  |2 qrmak 
650 7 |a المذاهب السياسية  |2 qrmak 
650 7 |a العلوم السياسية  |2 qrmak 
650 7 |a الراديكالية  |2 qrmak 
650 7 |a الرأسمالية.  |2 qrmak 
856 |u http://dar.bibalex.org/webpages/mainpage.jsf?PID=DAF-Job:39183 
901 |a EGPV19 
902 |a  EGPV5 
903 |a copycat 
942 |c BK  |2 ddc